| 000 | 00933nam a2200229 a 4500 | ||
|---|---|---|---|
| 001 | 79068 | ||
| 003 | BD-RjUL | ||
| 005 | 20211227121443.0 | ||
| 008 | 211227s2021 bg ||||| |||| 00| 0 ben d | ||
| 020 |
_a9789849571414 _c: TK. 300.00 |
||
| 035 | _a(BD-RjUL)79068 | ||
| 040 |
_aBD-RjUL _bben _cBD-RjUL |
||
| 041 | _aben | ||
| 082 |
_223 _a954.9205092 _bMOB 2021 |
||
| 100 |
_aমনসুর, মিনার _9375 |
||
| 245 | 0 | 1 |
_aবঙ্গবন্ধু কেন দ্বিতীয় বিপ্লবের ডাক দিয়েছিলেন / _cমিনার মনসুর |
| 260 |
_aঢাকা : _bজিনিয়াস পাবলিকেশন্স, _c২০২১ |
||
| 300 |
_a১৪৪ পৃ. ; _c২৩ সেমি. |
||
| 600 |
_aমুজিবুর রহমান, _cশেখ, _d১৯২০-১৯৭৫ _9166 |
||
| 600 |
_aMujibur Rahman, _cSheikh, _d1920-1975 _9167 |
||
| 942 |
_2ddc _cBK |
||
| 999 |
_c79068 _d79068 |
||